Logo BPK

Biblioteka

Politechniki Koszalińskiej

Classical electrodynamics / (Rekord nr 23808)

Szczegóły MARC
000 -ETYKIETA REKORDU
podpole kontrolne o stałej długości 00689nam a2200217 i 4500
001 - NUMER KONTROLNY REKORDU
pole kontrolne bg
020 ## - MIĘDZYNARODOWY ZNORMALIZOWANY NUMER KSIĄŻKI - ISBN
ISBN 0444996044
040 ## - ŹRÓDŁO KATALOGOWANIA
Instytucja, która utworzyła rekord BPK
041 ## - KOD JĘZYKA
Kod języka tekstu pol
080 ## - UNIWERSALNA KLASYFIKACJA DZIESIĘTNA - UKD
UKD 537.6
920 ## - Międzynarodowy znormalizowany numer książki – ISBN
ISBN 0-444-99604-4
008 - POLE O STAŁEJ DŁUGOŚCI - DANE KONTROLNE
podpole kontrolne o stałej długości s pl f |000 0 pol
100 1# - NAZWA OSOBOWA
Nazwa osobowa Ingarden, Roman Stanisław
Daty związane z nazwą (1920-2011).
245 #0 - TYTUŁ/ODPOWIEDZIALNOŚĆ
Tytuł Classical electrodynamics /
Pozostałe elementy strefy tytułu i oznaczenia odpowiedzialności Roman S. Ingarden, Jamiołkowski Andrzej.
260 ## - STREFA ADRESU WYDAWNICZEGO
Miejsce wydania Amsterdam ;
-- Warszawa :
Nazwa wydawcy/dystrybutora Elsevier :
-- PWN,
Data publikacji, dystrybucji/powstania dokumentu 1985.
490 1# - STREFA SERII I DOKUMENTU WIELOCZĘŚCIOWEGO - FORMA NIE DO WYSZUKIWANIA
Tytuł i oznaczenie odpowiedzialności serii Studies in Electrical and Electronic Engineering ;
Numeracja w obrębie serii 12
650 #9 - HASŁO PRZEDMIOTOWE W FORMIE NAZWY OGÓLNEJ LUB JEDNOSTKOWEJ
Nazwa ogólna lub geograficzna Elektrodynamika
700 1# - HASŁO DODATKOWE - NAZWA OSOBOWA
Nazwa osobowa Jamiołkowski, Andrzej
Daty związane z nazwą (1946- )
830 ## - HASŁO DODATKOWE SERII LUB DOKUMENTU WIELOCZĘŚCIOWEGO - TYTUŁ UJEDNOLICONY
Tytuł ujednolicony Studies in Electrical and Electronic Engineering ;
856 ## - LOKALIZACJA I DOSTĘP DO ELEKTRONICZNYCH DOKUMENTÓW ZDALNYCH
Link (URL) http://koha.tu.koszalin.pl/cgi-bin/koha/opac-detail.pl?biblionumber=23808
Tekst linku Katalog online BPK
942 ## - DODATKOWE ELEMENTY (KOHA)
Typ dokumentu Książka
Egzemplarze
Wycofany Status egzemplarza Uszkodzony Dostępność Lokalizacja stała Lokalizacja bieżąca Miejsce przechowywania Sygnatura Kod kreskowy Typ dokumentu
      Dostępny Biblioteka Politechniki Koszalińskiej Biblioteka Politechniki Koszalińskiej Wypożyczalnia BG 34037 01962734 Książka
© 2023 Biblioteka Politechniki Koszalińskiej :: KOHA